• 首页
  • 本馆介绍
  • 公告通知
  • 最新文献
  • 馆藏检索
  • 电子资源
  • 读者导购
  • 参考咨询
  • 我的图书馆
  • 登录
  • 详细信息显示
  • 放入我的书架
  • 预约/预借图书
  • 作者相关作品
  • 分类相关作品
  • 丛书相关作品
  • 出版社相关作品

书目信息

  • 表格格式
  • 工作单格式
  • 卡片格式
题名:
跨文化传播视野下的电视节目创新研究
    
 
作者: 李艳丹 著
分册:  
出版信息: 成都   电子科技大学出版社  2019
页数: 216页
开本: 24cm
丛书名:
单 册:
中图分类: G222.3
科图分类:
主题词: 电视节目制作--研究
电子资源:
ISBN: 978-7-5647-7236-9
000 01060nam0 2200217 450
001 2336561418
005 20231010100931.99
010    @a978-7-5647-7236-9@dCNY66.00
100    @a20200713d2019 em y0chiy50 ea
101 0  @achi
102    @aCN@b510000
105    @aak z 000yy
200 1  @a跨文化传播视野下的电视节目创新研究@Akua wen hua chuan bo shi ye xia de dian shi jie mu chuang xin yan jiu@f李艳丹著
210    @a成都@c电子科技大学出版社@d2019
215    @a216页@c图@d24cm
330    @a本书以跨以跨文化传播为研究视角,对电视节目及其形态创新进行了研究,以及电视节目画面造型创新进行了分析,明确跨文化传播视野下电视节目的创新实践,了解电视节目跨文化传播与交流的现存问题,后对跨文化传播视野下电视节目创新发展提出意见和建议。电视是当今社会具影响力的大众传播媒介,已成为人们获取信息、知识的主要渠道,得到娱乐、美感的重要手段。当跨文化交流的内容与电视的媒体平台相结合,产生的促进不同文化问交流的作用不容小觑。
606 0  @a电视节目制作@x研究
690    @aG222.3@v5
701  0 @a李艳丹@Ali yan dan@4著
801  0 @aCN@b安徽时代@c20230923
905    @aBZT@dG222.3@e12
    
    跨文化传播视野下的电视节目创新研究/李艳丹著.-成都:电子科技大学出版社,2019
    216页:图;24cm
    
    
    ISBN 978-7-5647-7236-9:CNY66.00
    本书以跨以跨文化传播为研究视角,对电视节目及其形态创新进行了研究,以及电视节目画面造型创新进行了分析,明确跨文化传播视野下电视节目的创新实践,了解电视节目跨文化传播与交流的现存问题,后对跨文化传播视野下电视节目创新发展提出意见和建议。电视是当今社会具影响力的大众传播媒介,已成为人们获取信息、知识的主要渠道,得到娱乐、美感的重要手段。当跨文化交流的内容与电视的媒体平台相结合,产生的促进不同文化问交流的作用不容小觑。
●
相关链接 在五车中查询图书 在当当中查询图书 在豆瓣中查询图书


正题名:跨文化传播视野下的电视节目创新研究     索取号:G222.3/12         预约/预借

序号 登录号 条形码 馆藏地/架位号 状态 备注
1 2000937396   2000937396   第四书库/四007架A面5层2列/ [索取号:G222.3/12] 在馆    
2 2000937397   2000937397   第四书库/四007架A面5层2列/ [索取号:G222.3/12] 在馆    
3 2000937398   2000937398   第四书库/四007架A面5层2列/ [索取号:G222.3/12] 在馆    
4 2000937399   2000937399   第四书库/四007架A面5层2列/ [索取号:G222.3/12] 在馆    
5 2000937400   2000937400   第四书库/四007架A面5层2列/ [索取号:G222.3/12] 在馆    
6 2000937401   2000937401   第四书库/四007架A面5层2列/ [索取号:G222.3/12] 在馆    
山东省滨州职业学院图书馆 欢迎您!
大连网信软件有限公司© 版权所有